书目信息 |
| 题名: |
转角遇见心理学家
|
|
| 作者: | 科恩 著 ;李扬 译 | |
| 分册: | ||
| 出版信息: | 北京 世界图书出版公司 2010.04 |
|
| 页数: | 387页 | |
| 开本: | 23cm | |
| 丛书名: | ||
| 单 册: | ||
| 中图分类: | B84 | |
| 科图分类: | ||
| 主题词: | 心理学--研究 , 心理学 | |
| 电子资源: | ||
| ISBN: | 978-7-5100-1880-0 | |
| 000 | 00972nam0 2200265 45 | |
| 001 | 1355770264 | |
| 005 | 20130515144345.81 | |
| 010 | @a978-7-5100-1880-0@dCNY38.00 | |
| 100 | @a20130108d2010 em y0chiy0110 ea | |
| 101 | 1 | @achi |
| 102 | @aCN@b110000 | |
| 105 | @ay z 000yy | |
| 106 | @ar | |
| 200 | 1 | @a转角遇见心理学家@AZhuan Jiao Yu Jian Xin Li Xue Jia@f大卫·科恩(David Cohen)著@FDa Wei· Ke En (David Cohen) Zhu@g李扬译 |
| 210 | @a北京@c世界图书出版公司@d2010.04 | |
| 215 | @a387页@d23cm | |
| 300 | @a中国心理学会推荐图书 | |
| 330 | @a本书引人入胜地撷取了当今世界心理学领军人物的群像。上一个世纪见证了思考和实践的根本性变革,而驱动这些变革的论争的深度是惊人的。本书深入探究了当代心理学核心的冲突和争议,揭示了关于人类本质的不同视角。 | |
| 606 | 0 | @a心理学@x研究 |
| 606 | 0 | @a心理学 |
| 690 | @aB84@v5 | |
| 701 | 0 | @a科恩@AKe En@c(Cohen, David)@4著 |
| 702 | 0 | @a李扬@ALi Yang@4译 |
| 801 | @aCN@bTANGWEI@c20130112 | |
| 905 | @b0832660-63@dB84@e1136@f4 | |
| 转角遇见心理学家/大卫·科恩(David Cohen)著/李扬译.-北京:世界图书出版公司,2010.04 |
| 387页;23cm |
| 中国心理学会推荐图书 |
| ISBN 978-7-5100-1880-0:CNY38.00 |
| 本书引人入胜地撷取了当今世界心理学领军人物的群像。上一个世纪见证了思考和实践的根本性变革,而驱动这些变革的论争的深度是惊人的。本书深入探究了当代心理学核心的冲突和争议,揭示了关于人类本质的不同视角。 |
| ● |
| 相关链接 |
|
|
|
|
正题名:转角遇见心理学家
索取号:B84/1136
 
预约/预借
| 序号 | 登录号 | 条形码 | 馆藏地/架位号 | 状态 | 备注 |
| 1 | 0832660 | 208326603 | 第一样本阅览室/ [索取号:B84/1136] | 在馆 | |
| 2 | 0832661 | 208326612 | 第一借阅区/ [索取号:B84/1136] | 在馆 | |
| 3 | 0832662 | 208326621 | 教育系资料室/ [索取号:B84/1136] | 在馆 | |
| 4 | 0832663 | 208326630 | 教育系资料室/ [索取号:B84/1136] | 在馆 |